Central Library OPAC University of Rajshahi

The early letters of William and Dorothy Wordsworth (1787-1805) / (Record no. 22772)

MARC details
000 -LEADER
fixed length control field 01239cam a2200325u 4500
001 - CONTROL NUMBER
control field 22772
003 - CONTROL NUMBER IDENTIFIER
rucl marc code BD-RjUL
005 - DATE AND TIME OF LATEST TRANSACTION
control field 20211209000841.0
008 - FIXED-LENGTH DATA ELEMENTS--GENERAL INFORMATION
fixed length control field 140309t1935 enkbh 001 0aeng
035 ## - SYSTEM CONTROL NUMBER
System control number (BD-RjUL)22837
040 ## - CATALOGING SOURCE
Original cataloging agency DLC
Transcribing agency CarP
Modifying agency DLC
-- BD-RjUL
Language of cataloging eng
041 ## - LANGUAGE CODE
Language code of text/sound track or separate title eng
082 04 - DEWEY DECIMAL CLASSIFICATION NUMBER
Classification number 826.7
Author mark and year WOE 1935
100 1# - MAIN ENTRY--PERSONAL NAME
Personal name Wordsworth, William,
Dates associated with a name 1770-1850.
9 (RLIN) 70247
245 14 - TITLE STATEMENT
Title The early letters of William and Dorothy Wordsworth (1787-1805) /
Statement of responsibility, etc. eddited by Ernest De selincourt.
260 ## - PUBLICATION, DISTRIBUTION, ETC. (IMPRINT)
Place of publication, distribution, etc. Oxford :
Name of publisher, distributor, etc. The Clarendon press,
Date of publication, distribution, etc. 1935.
300 ## - PHYSICAL DESCRIPTION
Pagination xviii, 578 p., 1 l. :
Illustrations fold. front., fold. map, fold. facsim. ;
Size 23 cm.
504 ## - BIBLIOGRAPHY, ETC. NOTE
Bibliography, etc Includes index.
600 10 - SUBJECT ADDED ENTRY--PERSONAL NAME
Personal name Wordsworth, William,
Dates associated with a name 1770-1850
Personal name Wordsworth, Dorothy,
Dates associated with a name 1771-1855
650 #0 - SUBJECT ADDED ENTRY--TOPICAL TERM
Topical term or geographic name as entry element Authors, English
Chronological subdivision 18th century
Form subdivision Correspondence.
9 (RLIN) 70250
Topical term or geographic name as entry element Authors, English
Chronological subdivision 19th century
Form subdivision Correspondence.
9 (RLIN) 65278
Topical term or geographic name as entry element Poets, English
Chronological subdivision 18th century
Form subdivision Correspondence.
9 (RLIN) 70251
Topical term or geographic name as entry element Poets, English
Chronological subdivision 19th century
Form subdivision Correspondence.
9 (RLIN) 63353
700 1# - ADDED ENTRY--PERSONAL NAME
Personal name Wordsworth, Dorothy,
Dates associated with a name 1771-1855.
Personal name De Selincourt, Ernest,
Dates associated with a name 1870-1943,
Relator term ed.
942 ## - ADDED ENTRY ELEMENTS (KOHA)
Source of classification or shelving scheme Dewey Decimal Classification
Koha item type Books
Holdings
Lost status Source of classification or shelving scheme Damaged status Not for loan Collection code Permanent Location Current Location Shelving location Date acquired Source of acquisition Cost, normal purchase price Total Checkouts Full call number Date last seen Copy number Koha item type
  Dewey Decimal Classification   Added to bundle Fiction Central Library, University of Rajshahi Central Library, University of Rajshahi Reading Room 08/08/1955 O.U.P. 63.00   826.7 WOE 1935 09/03/2014 C-1 Books